Engaging with Capitalism : Cases from Oceania /

La serie Research in Econoomic Anthropology es una publicación anual de la británica Emerald Group, que se ocupa sobre todo de la investigación etnográfica empírica, aunque también incluye ensayos teóricos. Algunas veces son libros monográficos, pero la mayoría de veces incluyen temas abiertos en el...

Descripción completa

Guardado en:
Detalles Bibliográficos
Autor principal: McCormack, Fiona (edición)
Otros autores: Barclay, Kate (edición) (edición)
Formato: Libro
Idioma:Inglés
Publicado: Bradford, Inglaterra : Emerald, 2013, c2013
Colección:(Research in Economic Anthropology ; 33)
Temas:
Etiquetas: Agrega una etiqueta
Sin etiquetas, Sé el primero en etiquetar este registro!

MARC

LEADER 00000nam^a2200000^a^4500
001 000406193
005 20250521000000.0
009 20260310121851.758
020 |a 978-1-78190-541-8 
037 |a Acervo ITESO - Biblioteca 
041 |a ING 
082 |a 306. 305  |b RES V. 33 
100 |a McCormack, Fiona  |e (edición) 
245 1 0 |a Engaging with Capitalism :  |b Cases from Oceania /  |c Ed. de F. McCormack, K. Barclay. 
264 4 |a Bradford, Inglaterra :  |b Emerald,  |c 2013, c2013 
300 |a X, 357 p. 
336 |a texto  |b txt  |2 rdacontenido 
337 |a sin mediación  |b n  |2 rdamedio 
338 |a volumen  |b nc  |2 rdasoporte 
440 1 |a (Research in Economic Anthropology ;  |v 33) 
520 |a La serie Research in Econoomic Anthropology es una publicación anual de la británica Emerald Group, que se ocupa sobre todo de la investigación etnográfica empírica, aunque también incluye ensayos teóricos. Algunas veces son libros monográficos, pero la mayoría de veces incluyen temas abiertos en el campo de la antropología económica. El presente volumen estudia los acercamientos al capitalismo, especialmente por parte de poblaciones con sistemas sociales no capitalistas, como aquellos que se encuentran en Oceanía. 
649 |a XX 
650 |a Cooperativas -  |z Oceanía 
650 |a Desarrollo Económico-Social -  |z Oceanía -  |x Historia 
650 |a Socialismo -  |z Oceanía 
650 |a Capitalismo -  |z Oceanía -  |x Tema Principal 
650 |a Modelo Económico 
650 |a Antropología -  |x Tema Principal 
650 |a Economía Política 
650 |a Economía -  |x Tema Principal 
650 |a Publicaciones Periódicas Inglesas 
650 |a Oceanía -  |x Condiciones Económicas 
700 |a Barclay, Kate  |e (edición) 
910 |a Fondo General 
920 |a Impresos - Libros 
930 |a Colección General 
905 |a 101 
901 |a 0500310658  |b IT1  |c ACC  |i D101985  |u 20250521 
902 |a https://opac.biblio.iteso.mx/vufind/Record/000406193